The forgotten third : do a third have to fail for two thirds to pass? (Record no. 85958)
[ view plain ]
| 000 -LEADER | |
|---|---|
| fixed length control field | 00760 a2200241 4500 |
| 003 - CONTROL NUMBER IDENTIFIER | |
| control field | CBULib |
| 005 - DATE AND TIME OF LATEST TRANSACTION | |
| control field | 20250129095138.0 |
| 008 - FIXED-LENGTH DATA ELEMENTS--GENERAL INFORMATION | |
| fixed length control field | 250129b |||||||| |||| 00| 0 eng d |
| 020 ## - INTERNATIONAL STANDARD BOOK NUMBER | |
| International Standard Book Number | 9781913622022 |
| 040 ## - CATALOGING SOURCE | |
| Language of cataloging | English |
| Transcribing agency | CBULib |
| Description conventions | rda |
| 050 ## - LIBRARY OF CONGRESS CALL NUMBER | |
| Classification number | LB 14.7 The |
| 100 ## - MAIN ENTRY--PERSONAL NAME | |
| Personal name | Blatchford, Roy |
| Relator term | editor |
| 245 ## - TITLE STATEMENT | |
| Title | The forgotten third : do a third have to fail for two thirds to pass? |
| Statement of responsibility, etc | / by Roy Blatchford |
| 260 ## - PUBLICATION, DISTRIBUTION, ETC. (IMPRINT) | |
| Name of publisher, distributor, etc | John Catt, |
| Date of publication, distribution, etc | 2020 |
| Place of publication, distribution, etc | Woodbridge : |
| 300 ## - PHYSICAL DESCRIPTION | |
| Extent | 156 pages |
| 336 ## - CONTENT TYPE | |
| Source | rdacontent |
| Content type term | Text | |
| Content type code | txt |
| 337 ## - MEDIA TYPE | |
| Source | rdamedia |
| Media type term | Unmediated | |
| Media type code | n |
| 338 ## - CARRIER TYPE | |
| Source | rdacarrier |
| Carrier type term | Volume |
| Carrier type code | nc |
| 500 ## - GENERAL NOTE | |
| General note | Includes bibliographical references. |
| 650 #0 - SUBJECT ADDED ENTRY--TOPICAL TERM | |
| 9 (RLIN) | 4248 |
| Topical term or geographic name as entry element | EDUCATION - PHILOSOPHY |
| 650 #0 - SUBJECT ADDED ENTRY--TOPICAL TERM | |
| 9 (RLIN) | 4304 |
| Topical term or geographic name as entry element | EDUCATION - EVALUATION |
| 942 ## - ADDED ENTRY ELEMENTS (KOHA) | |
| Source of classification or shelving scheme | |
| Koha item type | MONOGRAPH |
| Withdrawn status | Lost status | Source of classification or shelving scheme | Damaged status | Not for loan | Collection code | Permanent Location | Current Location | Shelving location | Date acquired | Source of acquisition | Cost, normal purchase price | Total Checkouts | Full call number | Barcode | Date last seen | Price effective from | Koha item type |
|---|---|---|---|---|---|---|---|---|---|---|---|---|---|---|---|---|---|
| Main Library Open Access Collection | CBU-MAIN LIBRARY, KITWE. | CBU-MAIN LIBRARY, KITWE. | General Stacks | 01/29/2025 | BOOK AID INTERNATIONAL | 23.73 | LB 14.7 The | 753369 | 01/29/2025 | 01/29/2025 | MONOGRAPH |